Introducción a la administración pública argentina (Registro nro. 6659)

Detalles MARC
000 -LEADER
fixed length control field 01004 a2200265 4500
001 - CONTROL NUMBER
control field 59356
005 - DATE AND TIME OF LATEST TRANSACTION
control field 20260407155847.0
008 - FIXED-LENGTH DATA ELEMENTS--GENERAL INFORMATION
fixed length control field 260407a2007 arg spa d
003 - CONTROL NUMBER IDENTIFIER
control field AR-UNSa-BCEJYS
040 ## - CATALOGING SOURCE
Original cataloging agency AR-UNSa-BCEJYS
Language of cataloging spa
Transcribing agency AR-UNSa-BCEJYS
080 ## - UNIVERSAL DECIMAL CLASSIFICATION NUMBER
Universal Decimal Classification number 35
Common auxiliary subdivision Administración Pública
020 ## - INTERNATIONAL STANDARD BOOK NUMBER
International Standard Book Number 978-950-786-615-9
041 ## - LANGUAGE CODE
Language code of text/sound track or separate title spa
100 1# - MAIN ENTRY--PERSONAL NAME
Personal name Cao, Horacio
245 10 - TITLE STATEMENT
Title Introducción a la administración pública argentina
264 #1 - PRODUCTION, PUBLICATION, DISTRIBUTION, MANUFACTURE, AND COPYRIGHT NOTICE
Place of production, publication, distribution, manufacture Buenos Aires :
Name of producer, publisher, distributor, manufacturer Biblos
Date of production, publication, distribution, manufacture, or copyright notice 2007
300 ## - PHYSICAL DESCRIPTION
Extent 149 p.
Dimensions 22 cm.
505 ## - FORMATTED CONTENTS NOTE
Formatted contents note 1. La administración pública argentina: una mirada al conjunto - 2. La administración Pública Nacional - 3. Las provincias y el Gobierno Autónomo de la Ciudad de Buenos Aires - 4. Los Municipios
590 ## - LOCAL NOTE (RLIN)
Local note niveau_biblio:m niveau_hierar:0
700 1# - ADDED ENTRY--PERSONAL NAME
Personal name Blutman, Gustavo
700 1# - ADDED ENTRY--PERSONAL NAME
Personal name Estévez, Alejandro
700 1# - ADDED ENTRY--PERSONAL NAME
Personal name Iturburu, Mónica
856 41 - ELECTRONIC LOCATION AND ACCESS
Uniform Resource Identifier <a href="https://www.biblioeco.unsa.edu.ar/pmb/images/libros/L129066.jpg">https://www.biblioeco.unsa.edu.ar/pmb/images/libros/L129066.jpg</a>
Link text Imagen de portada
Electronic format type image/jpeg
942 ## - ADDED ENTRY ELEMENTS (KOHA)
Koha item type
Existencias
Withdrawn status Lost status Damaged status Not for loan Home library Current library Shelving location Date acquired Total checkouts Full call number Barcode Date last seen Price effective from Koha item type
        Biblioteca Prof. Eusebio Cleto del Rey Biblioteca Prof. Eusebio Cleto del Rey   07/04/2026   35 C111 L129066 07/04/2026 07/04/2026 Libro